000
00317nam a2200121Ia 4500
008
190216s9999||||xx |||||||||||||| ||und||
100
_a
Thahir Mahmoodh
245
0
_a
Muslim Lokathila Kudumbaniyama Parishkaram
260
_b
Kerala Bhasha Institute
_c
1978
300
_a
500p
650
_a
Islamic Culture
942
_c
BK
999
_c
22129
_d
22129